| 000 | 00590nam a2200169Ia 4500 | ||
|---|---|---|---|
| 003 | GCL | ||
| 008 | 140319s9999 xx 000 0 ara d | ||
| 040 |
_aGCL / _cGCL |
||
| 082 | 0 | 4 |
_aد _b050 _bد هـ |
| 245 | 1 | 0 | _aالهلال اغسطس 1968 : ثورات العالم |
| 260 |
_aالقاهرة : _bدار الهلال للطباعة والنشر ، _c1968 |
||
| 650 | 0 | 4 | _aالثورات |
| 650 | 0 | 4 | _aالجزائر - الاحوال السياسية |
| 650 | 0 | 4 | _aالسودان - تاريخ - العصر الحديث |
| 650 | 0 | 4 | _aمصر - تاريخ - الثورات |
| 942 |
_2ddc _cCR |
||
| 999 |
_c6657 _d6657 |
||